| 000 | 00578nam a2200169 a 4500 | ||
|---|---|---|---|
| 001 | 000041111 | ||
| 005 | 20201002034628.0 | ||
| 008 | 130918s1983 sp 000 0 spa d | ||
| 020 | _a8400052889 | ||
| 040 |
_aDO-SdBNP _bspa _cBNPHU |
||
| 100 | 1 |
_aBeltrán Cortés, Fernando _967656 |
|
| 245 | 1 | 0 |
_aApuntes para una historia del frio en España / _cFernando Beltrán Cortés. |
| 260 |
_aMadrid : _bConsejo Superior de Investigaciones Científicas, _c1983. |
||
| 300 |
_a228 p. ; _c25 cm. |
||
| 500 | _aIncluye índice onomástico | ||
| 500 | _aIncluye notas al pie de las páginas | ||
| 999 |
_c40601 _d40601 |
||